| 000 | 01286nam a2200265Ia 4500 | ||
|---|---|---|---|
| 003 | OSt | ||
| 005 | 20220930095039.0 | ||
| 006 | a|||||r|||| 00| 0 | ||
| 007 | ta | ||
| 008 | 220926b |||||||| |||| 00| 0 san d | ||
| 024 | _a68488 | ||
| 037 | _cTheses | ||
| 040 |
_aCRL _cCRL _bsan |
||
| 041 |
_2san _asan |
||
| 100 |
_aठाकुर, त्रिपुरारि कुमार, ले. _9556902 |
||
| 110 | _aदिल्ली विश्वविद्यालय. कला संकाय. संस्कृत विभाग | ||
| 245 | 0 | _aप्रौढदेवरायकृत ब्रह्मसूत्रवृत्ति का समीक्षात्मक अध्ययन, त्रिपुरारि कुमार ठाकुर | |
| 246 | _aPrauḍhadevarāyakṛut brahmasūtravṛutti kā samīkṣhātmak adhyayana, tripurāri kumār ṭhākura | ||
| 260 | _c2019 | ||
| 300 |
_a276पृ0 _ap. _ccm. |
||
| 650 | _aसंस्कृत साहित्य | ||
| 700 | _aदिल्ली विश्वविद्यालय. कला संकाय. संस्कृत विभाग | ||
| 942 |
_cDIS _2CC |
||
| 999 |
_c888224 _d888224 |
||